Aplicación de la metodología de análisis de ciclo de vida para evaluar la sostenibilidad de la mampostería modular
Guardado en:
| Hovedforfatter: | |
|---|---|
| Format: | Bog |
| Sprog: | Spanish |
| Udgivet: |
[San José, Costa Rica]
2009
|
| Fag: | |
| Tags: |
Tilføj Tag
Ingen Tags, Vær først til at tagge denne postø!
|
MARC
| LEADER | 00000nam a2200000Ia 4500 | ||
|---|---|---|---|
| 003 | 001532 | ||
| 005 | 20221231144042.0 | ||
| 008 | 140114s2009 cr ab 000 ||spa d | ||
| 040 | |c cru CEDI | ||
| 090 | |a TFG 6046 | ||
| 100 | |a Cubero Sandoval, Omar A. |9 3359 | ||
| 245 | |a Aplicación de la metodología de análisis de ciclo de vida para evaluar la sostenibilidad de la mampostería modular | ||
| 260 | |c 2009 |b [San José, Costa Rica] | ||
| 500 | |a Tesis (licenciatura en ingeniería civil)--Universidad de Costa Rica. Facultad de Ingeniería. Escuela de Ingeniería Civil | ||
| 501 | |a Director del Proyecto. Ing. Manuel Salas Pereira | ||
| 650 | |x MAMPOSTERIA |x COORDINACION MODULAR (ARQUITECTURA) |x CICLO DE VIDA DE LOS PRODUCTOS |x METODOLOGIA |x CONSTRUCCION SOSTENIBLE |x MATERIALES DE CONSTRUCCION |x CONSTRUCCIONES MODULARES |9 3360 | ||
| 942 | |c TFG | ||
| 999 | |c 16174 |d 16174 | ||
